Loading...
| Science - Other Science | 0 | 2 | 0 | 0 | 20 | 110 | 119.00 | 0 | 0 |
| Philosophy | 0 | 1 | 0 | 0 | 10 | 131 | 131.00 | 0 | 0 |
| Mythology | 0 | 1 | 0 | 0 | 10 | 106 | 106.00 | 0 | 1 |
| History - American History | 0 | 1 | 0 | 1 | 10 | 119 | 119.00 | 0 | 0 |
| Science - Physics | 0 | 1 | 0 | 1 | 10 | 132 | 132.00 | 0 | 0 |
| History - Other History | 0 | 1 | 0 | 0 | 10 | 106 | 106.00 | 0 | 0 |
| History - World History | 0 | 1 | 0 | 0 | 10 | 91 | 91.00 | 1 | 1 |
| Literature - British Literature | 0 | 1 | 0 | 0 | 10 | 119 | 119.00 | 0 | 0 |
| Literature - European Literature | 0 | 1 | 0 | 0 | 10 | 146 | 146.00 | 0 | 0 |
| History - Other History | 0 | 1 | 1 | 1 | 5 | 112 | 112.00 | 0 | 0 |
| Literature - European Literature | 0 | 1 | 1 | 1 | 5 | 120 | 120.00 | 0 | 0 |
| Science - Biology | 0 | 1 | 1 | 0 | 5 | 92 | 92.00 | 0 | 0 |
| Mythology | 0 | 1 | 2 | 0 | 0 | 91 | 91.00 | 0 | 0 |
| History - European History | 0 | 0 | 0 | 0 | 0 | 0.00 | 0 | 0 | |
| Fine Arts - Other Fine Arts | 0 | 0 | 0 | 0 | 0 | 0.00 | 0 | 0 | |
| Pop Culture | 0 | 0 | 0 | 0 | 0 | 0.00 | 0 | 0 | |
| Science - Biology | 0 | 0 | 0 | 0 | 0 | 0.00 | 0 | 0 | |
| Religion | 0 | 0 | 1 | 0 | -5 | 0.00 | 0 | 0 | |
| Philosophy | 0 | 0 | 1 | 0 | -5 | 0.00 | 0 | 0 | |
| Science - Chemistry | 0 | 0 | 2 | 0 | -10 | 0.00 | 0 | 0 |